| 000 | 00475nam a22002057a 4500 | ||
|---|---|---|---|
| 001 | 21573 | ||
| 005 | 20260318105050.0 | ||
| 008 | 260318b |||||||| |||| 00| 0 spa d | ||
| 041 | _aESP | ||
| 082 |
_a743.4 _bN94 |
||
| 100 | _aNúñez Medina, Salvador | ||
| 245 | _aElementos del dibujo anatómico | ||
| 260 |
_a : _b , _c2000 |
||
| 300 |
_a91 páginas : _b ; _c00 cm. |
||
| 440 | _a ; | ||
| 650 | _aBAR | ||
| 654 | _aCHU | ||
| 700 | _a; | ||
| 942 |
_cLIB _dJUS _fJUS _2ddc |
||
| 999 |
_c21573 _d21573 |
||